Регионална библиотека "Любен Каравелов" - Русе

Последният щурм (Запис номер 427979)

MARC детайли
000 -Лидер
Контролно поле с фиксирана дължина nam a22 a 4500
003 - Код на организацията, давaща контролен номер
Контролно поле BLK
005 - Дата и час на последна редакция
Контролно поле 20210811141739.0
008 - Елементи от данни с фиксирана дължина
fixed length control field 210811b bul|||||r ||||||| ||bul||
040 ## - Източник на каталожния запис
Идентификатор на билиотеката - собственик на записа BLK
041 ## - Код за език
Код за езика на текст/звукозапис или на отделно заглавие Български
Код за езика КДБФ Български
080 ## - УДК
Текстов определител УДК Българска литература
УДК код - определител по УДК 821.163.2
УДК определител -31
УДК - код + определител 821.163.2-31
100 1# - Редна дума - Автор
Автор Славински, Петър
Авторска отговорност първи автор
Автор - информация (биография) Чолаков, Петър Атанасов
R(LIN) 382072
139 ## - Редно поле
Редна дума Славински, Петър
Авторски знак Слави - С 43
245 10 - Сведения за заглавието
Заглавие Последният щурм
Подзаглавни данни Роман
Редно поле (дума) Петър Славински; * Петър Атанасов Чолаков.
250 ## - Област на изданието
Сведения за изданието 2. доп. и прераб. изд.
257 ## - Страна на издаване
Страна на създаване/издаване България
260 ## - Област на издателските данни
Място на издаване, разпространение и проч. София
Име на издателя, разпространителя и проч. Военно издателство
Година на издаване 1952
9 (RLIN) 405459
300 ## - Физическа характеристика
Страници 468 с.
Размери/Мащаб 21 см
380 ## - Жанр
Жанр Худож. лит.
490 ## - СЕРИИ (Колекции)
9 (RLIN) 462143
Име на серия Краят на господарите
700 1# - Други автори (авторска отговорност)
Лично име Чолаков, Петър Атанасов
Автороска отговорност (Описва отношението между автора и произведението) *
9 (RLIN) 327431
852 ## - Местоположение
Форматна сигнатура Цб 8.210.46339
Фондова буква Хранилище
856 4# - Електронен адрес и достъп
Електронен формат pdf - файл
856 4# - Електронен адрес и достъп
Електронен формат pdf - файл
999 ## - СИСТЕМНИ КОНТРОЛНИ НОМЕРА
Koha biblionumber 427979
Koha biblioitemnumber 427979
942 ## - АРТИКУЛИ
Вид на библиотечния материал Книги
Скрит в OPAC Не
Периодичен библиозапис Да
944 ## - СЪЗДАВАНЕ И РЕДАКЦИЯ на ЗАПИСА
Създаване/Редакция Създаване
Дата на регистрацията/редакция 2021-08-11
Служител, извършил регистрацията/редакцията А.М.
999 ## - СИСТЕМНИ КОНТРОЛНИ НОМЕРА
Koha biblioitemnumber 427976
999 ## - СИСТЕМНИ КОНТРОЛНИ НОМЕРА
Koha biblioitemnumber 427976
Наличности
Код за отписване Код за изгубен артикул Източник на класификационната схема Код за повреда Коз за рестрикции Код за отдаване Артикулен № Име на библиотеката - собственик Име на библиотеката, в която се намира в момента Статус (Текущо местоположение) Дата на вписване в системата Местоположение - отдел Цена в лева Инвентарен номер Систематично азбучна сигнатура Баркод Цена в евро Служебен тип на артикула
  Не е изгубен Universal Decimal Classification Не е повреден само за читалня ползва се в читалня 848303 Регионална библиотека "Любен Каравелов" Русе Регионална библиотека "Любен Каравелов" Русе Хранилище 2021-08-12 Основен фонд - ползва се само за читалня 2.00 9953/56 Цб 8.210.46339 900000073970 1.02 Книги
Vip Innovations Ltd, Rousse, Bulgaria 2025